000 00829nam a2200289Ia 4500
001 F2020
003 IT-RoPAU
008 130308s9999 xx 000 0 und d
040 _aIT-RoPAU
040 _cIT-RoPAU
041 _aITALIANO
100 _aMartini Emanuela
100 _gCodice Aut. SPICS: 4092
245 _aUn Amleto di più
245 _bOmbre che Camminano. Shakespeare nel Cinema
250 _a1a ed.
260 _aTORINO
260 _bLindau
260 _c1998 [1° Ed.:1998 - Ed.Ling.Originale:1998]
300 _a"7 p. (prefazione: no ; testo: 7 [pagine: 211-217])"
500 _aBreve Storia dell'Amleto Cinematografico. Interpretazioni di Amleto da parte di vari Attori.
650 _aSAGGI SUL CINEMA
650 _eCodice materia Spics: 6811
942 _cBK
957 _71
999 _c84171
_d84171
999 _g1